00585nam a22001817a 4500008004100000020001800041040001700059050002800076082001200104100002700116245006600143260007300209300003300282500004000315563001000355650002400365650001400389190822b ||||| |||| 00| 0 eng d a9781498720694 aNLNbEnglish aTA418.9.C6 b.G448 2016 a620.118 aGIBSON, Ronald F.eaut aPrinciples of composite material mechanic /cRonald F. Gibson aNew York, United States of America:bTaylor and Francis group,c2016 axxiii, 674p. :bill. ; 24cm. aIncludes bibliographical references a(Hbk) aComposite materials aMechanics